00887nam a2200229 a 450000100100000000500170001000800410002702000150006804000250008308200110010810000250011924501150014426000530025930000290031249000280034159000260036970000420039571000590043783000350049695201090053199900170064000004740620201002060526.0180515s20uu dr 000 spa d a9806412508 aDO-SdBNPbspacBNPHU axxbxx1 aPazos, Manuel97504400aQué rápido aprendo computación 1 /cManuel Pazos ; corrección de textos María Henríqueta Gallegos. aSanto Domingo :bActualidad escolar,.,c[200-?]. a112 p. :bils. ;c28 cm.1 aActualidad escolar 2000 aInventariado, 2019/VM1 aHenríqueta Gallegos, María9750452 aActualidad escolar 2000(República Dominicana)975046 0aActualidad escolar 2000975043 0010718PDaPDbPDcHDd2018-05-15iLF1l0oxx xxp47406-10r2020-06-25w2020-06-25yLFPDZNo se presta c46894d46894